<?xml version="1.0" encoding="UTF-8"?>
<record
    xmlns:xsi="http://www.w3.org/2001/XMLSchema-instance"
    xsi:schemaLocation="http://www.loc.gov/MARC21/slim http://www.loc.gov/standards/marcxml/schema/MARC21slim.xsd"
    xmlns="http://www.loc.gov/MARC21/slim">

  <leader>01470nam a22002417a 4500</leader>
  <controlfield tag="001">8651</controlfield>
  <controlfield tag="003">FISKH</controlfield>
  <controlfield tag="005">20251008094629.0</controlfield>
  <controlfield tag="008">251008b        cb ||||| |||| 00| 0 eng d</controlfield>
  <datafield tag="020" ind1=" " ind2=" ">
    <subfield code="a">9780739094709</subfield>
  </datafield>
  <datafield tag="040" ind1=" " ind2=" ">
    <subfield code="a">FISKH</subfield>
    <subfield code="b">eng</subfield>
    <subfield code="c">FISKH</subfield>
    <subfield code="d">FISKH</subfield>
  </datafield>
  <datafield tag="050" ind1=" " ind2=" ">
    <subfield code="a">PZ7 </subfield>
  </datafield>
  <datafield tag="082" ind1=" " ind2=" ">
    <subfield code="a"> 786.2</subfield>
  </datafield>
  <datafield tag="100" ind1=" " ind2=" ">
    <subfield code="a">Barden, Christine H. </subfield>
  </datafield>
  <datafield tag="245" ind1=" " ind2=" ">
    <subfield code="a">Alfred's teach your child to play Piano, Book 1: </subfield>
    <subfield code="b">The easiest Piano method ever! /</subfield>
    <subfield code="c">Christine H. Barden ; Gayle Kowalchyk ; E. L. Lancaster</subfield>
  </datafield>
  <datafield tag="260" ind1=" " ind2=" ">
    <subfield code="a">Van Nuys : </subfield>
    <subfield code="b">Alfred, </subfield>
    <subfield code="c">2013. </subfield>
  </datafield>
  <datafield tag="300" ind1=" " ind2=" ">
    <subfield code="a">96  pages : </subfield>
    <subfield code="b">color illustrations ; </subfield>
    <subfield code="c">31 cm</subfield>
  </datafield>
  <datafield tag="520" ind1=" " ind2=" ">
    <subfield code="a">This book is designed for parents as well as for families who are a part of the homeschool movement and wish to include piano in the curriculum. The step-by-step method provides materials that allow students to play pieces on the piano immediately. With an accompanying CD that demonstrates how the music sounds, each lesson is explained in plain language that is easy to understand. The enclosed CD contains a recording of every piece in the book. Preceding each student page is an Instructional Guide for the parent. The Instructional Guide suggests steps for introducing the page to the student, follow-up practice suggestions for the student to do without the parent, and suggestions for reviewing the page in subsequent lessons.</subfield>
  </datafield>
  <datafield tag="700" ind1=" " ind2=" ">
    <subfield code="a">Kowalchy, kGayle </subfield>
    <subfield code="e">Author </subfield>
  </datafield>
  <datafield tag="700" ind1=" " ind2=" ">
    <subfield code="a">Lancaster, E. L. </subfield>
    <subfield code="e">Author </subfield>
  </datafield>
  <datafield tag="942" ind1=" " ind2=" ">
    <subfield code="2">ddc</subfield>
    <subfield code="c">BK</subfield>
    <subfield code="n">0</subfield>
  </datafield>
  <datafield tag="999" ind1=" " ind2=" ">
    <subfield code="c">8651</subfield>
    <subfield code="d">8651</subfield>
  </datafield>
  <datafield tag="952" ind1=" " ind2=" ">
    <subfield code="0">0</subfield>
    <subfield code="1">0</subfield>
    <subfield code="2">ddc</subfield>
    <subfield code="4">0</subfield>
    <subfield code="7">0</subfield>
    <subfield code="8">REF</subfield>
    <subfield code="a">001</subfield>
    <subfield code="b">001</subfield>
    <subfield code="c">LSHTK</subfield>
    <subfield code="d">2025-10-08</subfield>
    <subfield code="l">0</subfield>
    <subfield code="o">BAR 786.2 PZ7 </subfield>
    <subfield code="p">2025-4496</subfield>
    <subfield code="r">2025-10-08 09:46:27</subfield>
    <subfield code="t">1</subfield>
    <subfield code="w">2025-10-08</subfield>
    <subfield code="y">BK</subfield>
  </datafield>
</record>
